000 00344 a2200157 4500
001 72422
020 _a9788526016477
040 _cAnchieta - Colégio São Paulo
100 _aLima, Edy
240 1 0 _aA vaca invisível
_lpor
245 1 0 _aA vaca invisível
300 _a108
362 0 _a2012
650 4 _aLiteratura juvenil
942 _cBK
999 _c72422
_d72422